000 00615nam a22002297a 4500
003 UA-OsUOA
001 52127
007 ta
008 20150526b un ||||| |||| 00| 0 ukr d
090 _a09-82-3
_bМ71
942 _cBK
040 _aUA-OsUOA
_bukr
_cUA-OsUOA
_dUA-OsUOA
245 _aМісяць свідок
300 _a62 с.
955 _a3
041 _aukr
080 _a09-82-3
260 _aВінніпег
_c1916
650 7 _a0 Загальний відділ.
_2UDC
999 _c432244
_d432244